000 00965nam a22002417a 4500
010 _aA-834223
020 _c80.00
035 _aA-834223
037 _bCen Lib/Ret
040 _aDPL
_bHN
082 _a821
_bवशिष्ठ
100 _aवशिष्ठ, सुदर्शन
_946027
245 _aअनकहा /
_cसुदर्शन वशिष्ठ
246 _aAnkaha /
_bby Sudarshan Vashshith
260 _aनयी दिल्ली
_bइतिहास शोध संस्थान
_c1997
270 _aभूल भुलैया रोड, महरौली
_bनयी दिल्ली
_e110030
300 _a93पृ.
_c19सेमी (सजिल्द)
650 _aहिंदी साहित्य
_946028
650 _aकाव्य संकलन
_946029
650 _aHindi Literature
_946030
650 _aPoetry collection
_946031
942 _2ddc
_cHN
_h821
_mवशिष्ठ
999 _c112130
_d112130